000 00244nam a2200097Ia 4500
001 765677
005 20250826165326.0
008 250824s9999 xx 000 0 und d
245 0 _aŞAMAN KIZ
_cAHMET HALDUN TERZİOĞLU
260 _bPANAMA YAYINLARI
999 _c765677
_d765677